000 00765nam a22002417a 4500
999 _c34433
_d34433
001 3803
003 CO-MdFUSB
005 20180622073141.0
008 180320t1984 xxu||||| |||| 00| 0 spa d
020 _a1-55883-046-4
040 _aCO-MdFUSB
_bspa
_cCO-MdFUSB
_dCO-MdFUSBC
_erda
041 0 _aspa
_heng
082 0 4 _aG 227.4 H4986c
100 1 _aHendriksen, Guillermo (William) (1900-)
_eautor
245 1 0 _aComentario del Nuevo Testamento
_b: Exposición de Gálatas
_c / Guillermo Hendriksen
264 4 _aGrand Rapids, MI., USA :
_bDesafío,
_c©1984
300 _a268 Pag
336 _2rdacontent
_atexto
_btxt
337 _2rdamedia
_asin mediación
_bn
338 _2rdacarrier
_avolumen
_bnc
653 _aBiblia N.T. - Gálatas - Comentarios
942 _cBK